| 000 | 00702nam a2200217Ia 4500 | ||
|---|---|---|---|
| 001 | 5244 | ||
| 003 | GE_BSU | ||
| 008 | 181216s||||||||xx |||||||||||||| ||und|| | ||
| 040 | _cGE_BSU | ||
| 080 | _a517:33 | ||
| 100 | _aАллен, Р. | ||
| 245 | _aМатематическая экономия. | ||
| 245 | _cПер. с английского Под ред. и со вступит статей Альб П. Вайнцтаина | ||
| 260 | _aМосква | ||
| 260 | _bИзд-во иностранной литературы | ||
| 260 | _c1963 | ||
| 300 | _a667 с. 27 см. | ||
| 300 | _eБиблиогр. с 647 | ||
| 653 | _aМатематическая экономия. | ||
| 942 | _cBK | ||
| 999 |
_c38836 _d38836 |
||